Loading...
| Science - Physics | 1 | 2 | 2 | 1 | 25 | 64 | 102.00 | 2 | 3 |
| Literature - Euro Lit | 1 | 0 | 0 | 0 | 15 | 38 | 38.00 | 1 | 1 |
| Other - Other Academic | 1 | 0 | 0 | 0 | 15 | 32 | 32.00 | 1 | 1 |
| Arts - Other Arts | 0 | 1 | 0 | 1 | 10 | 131 | 131.00 | 0 | 1 |
| Science - Engineering | 0 | 1 | 0 | 1 | 10 | 135 | 135.00 | 0 | 1 |
| Beliefs - Mythology | 0 | 1 | 0 | 0 | 10 | 134 | 134.00 | 0 | 1 |
| Literature - British Lit | 0 | 1 | 0 | 0 | 10 | 79 | 79.00 | 0 | 1 |
| Thought - Philosophy | 0 | 1 | 1 | 0 | 5 | 100 | 100.00 | 0 | 1 |
| Science - Other Science | 0 | 1 | 1 | 0 | 5 | 116 | 116.00 | 0 | 1 |
| Thought - Social Science | 0 | 0 | 0 | 0 | 0 | 0.00 | 0 | 0 | |
| History - American History | 0 | 0 | 0 | 0 | 0 | 0.00 | 0 | 0 | |
| Science - Biology | 0 | 0 | 1 | 0 | -5 | 0.00 | 0 | 0 | |
| Other - Pop Culture | 0 | 0 | 1 | 0 | -5 | 0.00 | 0 | 0 |